Staring back : the disability experience from the inside out /

Bibliographic Details
Other Authors: Fries, Kenny, 1960-
Format: Book
Language:English
Published: New York : Plume, 1997.
Subjects:

MARC

Tag First Indicator Second Indicator Subfields
LEADER 00000cam a22000008a 4500
001 in00001402816
005 20151020053042.0
008 970403s1997 nyu 000 0 eng
010 |a  97015209  
020 |a 0452279135 
035 |a (OCoLC)36720167 
035 |9 AHM6842AM 
040 |a DLC  |c DLC  |d DAY  |d JQF  |d TXA  |d UtOrBLW 
043 |a n-us--- 
049 |a TXAM 
050 0 0 |a PS508.P56  |b S73 1997 
082 0 0 |a 810.8/0920816  |2 21 
245 0 0 |a Staring back :  |b the disability experience from the inside out /  |c edited by Kenny Fries. 
263 |a 9710 
264 1 |a New York :  |b Plume,  |c 1997. 
300 |a ix, 414 pages ;  |c 23 cm. 
336 |a text  |b txt  |2 rdacontent 
337 |a unmediated  |b n  |2 rdamedia 
338 |a volume  |b nc  |2 rdacarrier 
504 |a Includes bibliographical references (pages [411]-414). 
505 0 |a Pony party / Lucy Grealy -- Walking with the Kurds / John Hockenberry -- Falling into life / Leonard Kriegel -- Carnal acts / Nancy Mairs -- Bells / Ved Mehta -- The unification of Stephen Hawking / Mark O'Brien -- Renascence / Margaret Robison -- Living in an unstable body / Barbara Rosenblum -- Imperfection is a beautiful thing : on disability and meditation / Joan Tollifson -- Midway : state fair ; The x-rays / Joan Aleshire -- The hemophiliac's motorcycle / Tom Andrews -- Little girl gone ; Banana stealing / Johnson Cheu -- How to talk to a new lover about cerebral palsy ; Learning to speak / Elizabeth Clare -- G-9 / Tim Dlugos -- Big eaves ; Quite a ways from the sky ; Flat unroofed body ; Rvrbrance / Larry Eigner -- Excavation ; Body language ; Beauty and variations / Kenny Fries -- The engines are roaring ; People love their freaks / Terry Galloway -- Cancer winter / Marilyn Hacker -- Back problems / David Manuel Hernández -- Talking books ; Learning braille at 39 ; Harvest / Stephen Kuusisto -- The magic wand ; Unsolicited looking glass / Lynn Manning -- The secret of the sea star ; Attention deficit disorder / Emma Morgan -- Heart ear / Edward Nobles -- From Contradictions : tracking poems / Adrienne Rich -- Open wound ; Harmonic convulsion / Tom Savage -- He watches the sky ; Hearing the sunrise / Nancy Scott -- Wolf from Cats don't fly / Marcia Clay -- Dancing after hours / Andre Dubus -- From Her sense of timing / Stanley Elkin -- Coitus interruptus / Mike Ervin -- Helen and Frida / Anne Finger -- Ten reasons why Michael and Geoff never got it on / Raymond Luczak -- How much it hurts / David Mix -- The interview / Jean Stewart -- Selected scenes from P.H.*reaks : the hidden history of people with disabilities / Doris Baizley and Victoria Ann-Lewis -- Blue baby / Katinka Neuhof --Mishuganismo / Susan Nussbaum. 
650 0 |a People with disabilities, Writings of the, American. 
650 0 |a People with disabilities  |z United States  |x Literary collections. 
650 0 |a American literature  |y 20th century. 
700 1 |a Fries, Kenny,  |d 1960- 
999 |a MARS 
999 f f |s f5af05a7-2ccd-3b10-8ef9-1db5d6ac9bdb  |i ca5937b0-d72a-39f0-905b-1ab9ea5ed21f  |t 0 
952 f f |p normal  |a Texas A&M University  |b College Station  |c Sterling C. Evans Library  |d Evans: Library Stacks  |t 0  |e PS508.P56 S73 1997  |h Library of Congress classification  |i unmediated -- volume  |m A14822044297 
998 f f |a PS508.P56 S73 1997  |t 0  |l Evans: Library Stacks